000 01416 a2200181 4500
003 Nust
005 20230124105439.0
040 _cNust
082 _a384.54,ABB
100 _aWaldo Abbot
_9107522
245 _aHandbook of broadcasting /
_cWaldo Abbot
250 _a3rd
260 _aNew York
_bMc Graw-Hill
_c1950
300 _a494,p;
505 _aFundamental of Radio Amplitude Modulation (Page-1), Fundamental of Radio Very High Frequencies (Page-22), Programming (Page-46), Radio Announcing (Page-59), Radio Speaking (Page-70), Radio Pronunciation (page-80) Articulation Intonation Rhythm (Page-89), News Programs (Page-94), Sport Programs (Page-108), Unwritten Talk Programs (Page-116), Preparing the Radio Address (Page-126), Radio in the Public Service (Page-134), Musical Mike (Page-148), The Preparation of Children’s Programs (Page-158), Broadcasts to Schools (page-168) Writing the Radio Play (Page-194) Writing the Radio Serial (Page-212), Directing the radio Ply and the Actor (Page-221), Television Production (Page-237), Sound Effects (Page-247), Radio Humor (Page-268), The Business of Radio and TV Advertising (Page-273), Writing Commercial Continuity (Page-285), The Making of a Recording (Page-302), Station paper Work (Page-317), The Law as it Affects Broadcasting (Page-327), Radio as a Vocation (Page-353).
650 _aHandbook of broadcasting
_9107523
942 _2ddc
_cBK
_k384.54,ABB
999 _c185316
_d185316